000 00748nam a2200229 4500
005 20160901184905.0
008 020207s1996 us 0 engOX
020 _a0804736510
245 1 0 _aChristianity in China :
_bfrom the eighteenth century to the present /
_cedited by Daniel H. Bays.
260 _aCalifornia :
_bStanford University Press,
_cc1996.
300 _axxii, 483 p.
336 _atext
337 _aunmediated
338 _avolume
504 _aIncludes bibliographical references
650 4 _aChinese churches
_xHistory.
651 4 _aChina
_xChurch history
_y18th century-20th century.
651 4 _aChurch history
_zChina
_y18th century-20th century.
951 _x00010074
700 1 _aBays, Daniel H.
942 _2lcc
_cBK
999 _c5936
_d5936